000 00339nam a22001457a 4500
008 210511b ||||| |||| 00| 0 eng d
020 _a9780683304893
041 _aeng
080 _22nd
_a616-053.2
082 _a616-053.2
100 _a8
101 _aPED
245 _aPediatric Occupational Therapy
_cPaula Kramer
942 _2udc
_cBK
999 _c57208
_d57208